European Cities with the Most Football League Titles - Statistics

General Stats
  • This quiz has been taken 994 times
  • The average score is 10 of 15
Answer Stats
# Club(s) City % Correct
44 Atlético Madrid, Real Madrid Madrid
98%
26 FC Barcelona Barcelona
96%
8 Arsenal, Chelsea London
96%
17 Manchester City, Manchester United Manchester
96%
7 Paris Saint-Germain Paris
94%
30 1899 Munich, Bayern Munich Munich
93%
36 A.C. Milan, Inter Milan Milan
90%
42 Juventus, Torino Turin
73%
8 Borussia Dortmund Dortmund
67%
6 Olympique Lyonnais Lyon
62%
6 Valencia CF Valencia
47%
6 Hamburger SV Hamburg
42%
8 Athletic Bilbao Bilbao
26%
7 FC Shalke 04 Gelsenkirchen
8%
9 FC Nürnberg Nuremberg
8%
No matching quizzes found
Score Distribution
Percent of People with Each Score
Percentile by Number Answered
Your Score History
You have not taken this quiz